00382nam a2200109Ia 4500008004100000082002100041100002100062245003500083260003300118630001800151650010300169211122s9999||||xx |||||||||||||| ||und|| a894.812 3bZAC-T aZacharia, Scaria 0a1988 Le Thirenjedutha Kadhakal bCurrent BooksaTrichurc1989 xGeneral Stack aliteraturevliterature and rhetoricaltaic,uralic,hyperborean and dravidianmalayalam novelMalayalam